| 000 | 00662nam a2200229Ia 4500 | ||
|---|---|---|---|
| 003 | OSt | ||
| 005 | 20220925232150.0 | ||
| 006 | a|||||r|||| 00| 0 | ||
| 007 | ta | ||
| 008 | 220923b |||||||| |||| 00| 0 eng d | ||
| 037 | _cGeneral Book | ||
| 040 |
_aRTL _cRTL _beng |
||
| 041 |
_2eng _aeng |
||
| 082 | _aX:958:73:N6, K6 | ||
| 100 |
_aTurnbull John G _9296810 |
||
| 245 | 0 | _aChanging faces of economic insecurity | |
| 260 |
_aMinneapolis _bUniversity of Minnesota Press _c1966 |
||
| 300 |
_aix, 157p. _ccm. |
||
| 650 |
_aSocial Scurity _9267934 |
||
| 942 |
_hX:958:73:N6, K6 _cGB _2CC |
||
| 999 |
_c590493 _d590493 |
||